000 02902cam a2200577 4500
999 _c371277
_d371277
001 1734755164
003 DE-627
005 20220104173148.0
007 tu
008 201001s2021 au ||||| 10| ||ger c
015 _a20,N40
_2dnb
016 7 _a1218312920
_2DE-101
020 _a9783412521059
_cFesteinband : EUR 45.00 (DE), EUR 47.00 (AT)
024 3 _a9783412521059
028 5 2 _aBVK0015364
035 _a(DE-627)1734755164
035 _a(DE-599)DNB1218312920
035 _a(OCoLC)1198225736
035 _a(DE-101)1218312920
040 _aDE-627
_bger
_cDE-627
_erda
_dDE-2950
041 _ager
044 _cXA-AT
_cXA-DE
082 0 _a307.7609409031
_qDE-101
082 0 4 _a300
_a940
_qDE-101
084 _aNR 1800
_qDE-14/sred
_2rvk
_0(DE-625)rvk/129177:
084 _a15.45
_2bkl
245 1 4 _aDie Stadt und die Anderen :
_bFremdheit in Selbstzeugnissen und Chroniken des Spätmittelalters und der Frühen Neuzeit 7
_cherausgegeben von Andreas Rutz.
264 1 _aWien;
_aKöln;
_aWeimar:
_bBöhlau Verlag,
_c2021.
300 _a317 Seiten:
_bIllustrationen.
336 _aText
_btxt
_2rdacontent
337 _aohne Hilfsmittel zu benutzen
_bn
_2rdamedia
338 _aBand
_bnc
_2rdacarrier
490 1 _aStädteforschung
_aReihe A, Darstellungen;
_vBand 101
500 _a"Die Beiträge dieses Bandes gehen auf die Herbsttagung der Abteilung für Geschichte der Frühen Neuzeit und Rheinische Landesgeschichte der Bonner Instituts für Geschichtswissenschaft zurück, die vom 24. bis 25. September 2018 in Verbindung mit dem Verein für geschichtliche Landeskunde der Rheinlande im Bonner Universitätsforum durchgeführt wurde. Die Tagung war - ebenso wie der jetzt vorliegende Ergebnisband - dem Kölner Ratsherrn und chronisten Hermann Weinsberg (1518-1597) zum 500. Geburtstag gewidmet." (Vorwort)
653 _aEuropa
653 _aStadtchronik
653 _aFamilienchronik
653 _aSoziale Ungleichheit
653 _aGeschichte 1500 - 1650
655 7 _aKonferenzschrift
_y24.09.2018-25.09.2018
_zBonn
_0(DE-588)1071861417
_0(DE-627)826484824
_0(DE-576)433375485
_2gnd-content
951 _aBO
700 1 _aWeinsberg, Hermann von
_d1518-1597
_eWidmungsempfängerIn
_0(DE-588)118945408
_0(DE-627)079723470
_0(DE-576)210482443
_4dte
700 1 _aRutz, Andreas
_d1974-
_eHerausgeberIn
_0(DE-588)142037192
_0(DE-627)633509671
_0(DE-576)327455284
_4edt
776 1 _z9783412521073
_cOnline resource
776 0 8 _iErscheint auch als
_nOnline-Ausgabe
_tDie Stadt und die Anderen
_dWien : Böhlau Verlag, 2021
_h1 Online-Ressource (317 Seiten)
_w(DE-627)1755374720
_z9783412521066
830 0 _aStädteforschung / A
_vBand 101
_9101
_w(DE-627)130159506
_w(DE-576)015701735
_w(DE-600)517592-6
_x2748-4564
856 4 2 _uhttps://d-nb.info/1218312920/04
_mB:DE-101
_qapplication/pdf
_v2021-07-21
_3Inhaltsverzeichnis
936 r v _aNR 1800
936 b k _a15.45
942 _2z
_cB